Official Regions of England - Statistics

General Stats
  • This quiz has been taken 47 times
  • The average score is 6 of 9
Answer Stats
Answer % Correct
London
98%
North East
73%
North West
73%
South East
73%
South West
71%
West Midlands
63%
Yorkshire and the Humber
63%
East Midlands
61%
East of England
61%
No matching quizzes found
Score Distribution
Percent of People with Each Score
Percentile by Number Answered
Your Score History
You have not taken this quiz